Central Library, Doon University
WEBOPAC (ONLINE PUBLIC ACCESS CATALOGUE)

Lectures on Linear Algebra And ITS Application (Record no. 60737)

MARC details
000 -LEADER
fixed length control field 00485nam a22001817a 4500
005 - DATE & TIME
control field 20260424153120.0
008 - FIXED-LENGTH DATA ELEMENTS--GENERAL INFORMATION
fixed length control field 260424b |||||||| |||| 00| 0 eng d
020 ## - ISBN
International Standard Book Number 9783111700076
Price 1899.00
040 ## - CATALOGING SOURCE
Original cataloging agency Doon University
041 ## - Language
Language English
082 ## - DDC NUMBER
Classification number 512.5
Book Number KOR
100 ## - MAIN ENTRY--PERSONAL NAME
Personal name Korman, Philip
245 ## - TITLE STATEMENT
Title Lectures on Linear Algebra And ITS Application
260 ## - PUBLICATION, DISTRIBUTION, ETC. (IMPRINT)
Place of publication, distribution, etc Berlin
Name of publisher, distributor, etc Berlin De Gruyter
Date of publication, distribution, etc 2025
300 ## - PHYSICAL DESCRIPTION
Pages 250
650 ## - Subject
Subject Mathematics (PM USHA)
942 ## - ADDED ENTRY ELEMENTS (KOHA)
Koha item type Books
100 ## - MAIN ENTRY--PERSONAL NAME
-- 26752
650 ## - Subject
-- 26738
952 ## - LOCATION AND ITEM INFORMATION (KOHA)
-- 2026-04-24
952 ## - LOCATION AND ITEM INFORMATION (KOHA)
-- 2026-04-24
952 ## - LOCATION AND ITEM INFORMATION (KOHA)
-- 2026-04-24
Holdings
Withdrawn status Lost status Source of classification or shelving scheme Damaged status Not for loan Location (home branch) Sublocation or collection (holding branch) Date acquired Koha issues (times borrowed) Koha full call number Accession No. Koha date last seen Koha item type
          Doon University Doon University 24.04.2026   512.5 KOR 32827 24.04.2026 Books
          Doon University Doon University 24.04.2026   512.5 KOR 32828 24.04.2026 Books
          Doon University Doon University 24.04.2026   512.5 KOR 32829 24.04.2026 Books
Contact : +91-135-2533126 (Library),+91-135-2533105 (Admin Office) , Email : doonlibrary@gmail.com

Powered by Koha